00678nam a2200193Ia 4500003000900000008004100009040001600050080002300066100002700089245009400116260004000210300002300250650004100273650002300314650002600337942000700363999001500370952009900385IN-BaIIA211028s9999 xx 000 0 eng d cIIA Library a524.38(082.1)bBIN aAbhyankar, K. D914443 0aBinary and multiple systemscK. D. Abhyankar  aHyderabadbOsmania Universityc1984 a[various pagings.] aAstronomy and astrophysics thesaurus aBinary stars91185 aDouble galaxies91252 cBK c8608d8608 00104070aBANbBANcGENd1986-02-13l0o524.38(082.1)/ BINp9480r2021-11-05w1986-02-13yBK